Konateľ v spoločnosti s ručením obmedzeným

Kto môže byť konateľom s.r.o. Obmedzenie konateľského oprávnenia Obchodným zákonníkom. Práva a povinnosti konateľa s.r.o. Konateľ s.r.o. a zodpovednosť za škodu. Konateľ a vstup s.r.o. do likvidácie alebo do konkurzu. Konateľ a jeho zmluvný vzťah s s.r.o. pri výkone funkcie. Príklad. Odmena za výkon...

Descrizione completa

Salvato in:
Dettagli Bibliografici
Autore principale: Mintál, Ján
Natura: Capitolo di libro
Lingua:slovacco
Soggetti:
Tags: Aggiungi Tag
Nessun Tag, puoi essere il primo ad aggiungerne!!

MARC

LEADER 00000naa a2200000 4500
001 r048860
005 20231002123907.9
041 0 |a slo 
044 |a SK 
245 1 0 |a Konateľ v spoločnosti s ručením obmedzeným  |c Ján Mintál 
520 |a Kto môže byť konateľom s.r.o. Obmedzenie konateľského oprávnenia Obchodným zákonníkom. Práva a povinnosti konateľa s.r.o. Konateľ s.r.o. a zodpovednosť za škodu. Konateľ a vstup s.r.o. do likvidácie alebo do konkurzu. Konateľ a jeho zmluvný vzťah s s.r.o. pri výkone funkcie. Príklad. Odmena za výkon funkcie konateľa v s.r.o. Ukončenie funkcie konateľa. 
610 2 0 |a konatelia 
610 2 0 |a spoločnosti s r.o. 
610 2 0 |a právo obchodné 
610 2 0 |a zodpovednosť za škody 
610 2 0 |a likvidácia 
610 2 0 |a konkurzy 
610 2 0 |a odmeny 
100 1 |a Mintál, Ján